Chūō-Sōbu Line Stations - Statistics

General Stats
  • This quiz has been taken 16 times
  • The average score is 19 of 39
Answer Stats
No. Station name % Correct
JB39 Chiba
86%
JB01 Mitaka
86%
JB19 Akihabara
71%
JB08 Higashi-Nakano
71%
JB15 Ichigaya
71%
JB16 Iidabashi
71%
JB02 Kichijōji
71%
JB07 Nakano
71%
JB04 Ogikubo
71%
JB10 Shinjuku
71%
JB17 Suidōbashi
71%
JB14 Yotsuya
71%
JB11 Yoyogi
71%
JB22 Kinshichō
57%
JB03 Nishi-Ogikubo
57%
JB18 Ochanomizu
57%
JB12 Sendagaya
57%
JB13 Shinanomachi
57%
JB33 Tsudanuma
57%
JB05 Asagaya
43%
JB20 Asakusabashi
43%
JB31 Funabashi
43%
JB23 Kameido
43%
JB06 Kōenji
43%
JB26 Koiwa
43%
JB30 Nishi-Funabashi
43%
JB09 Ōkubo
43%
JB25 Shin-Koiwa
43%
JB32 Higashi-Funabashi
29%
JB24 Hirai
29%
JB27 Ichikawa
29%
JB28 Moto-Yawata
29%
JB21 Ryōgoku
29%
JB37 Inage
14%
JB35 Makuhari
14%
JB34 Makuharihongō
14%
JB38 Nishi-Chiba
14%
JB29 Shimōsa-Nakayama
0%
JB36 Shin-Kemigawa
0%
No matching quizzes found
Score Distribution
Percent of People with Each Score
Percentile by Number Answered
Your Score History
You have not taken this quiz